Robert Schuman a vznik základných integračných štruktúr EÚ

Stručný pohľad na život a dielo Roberta Schumana. Schuman ako filozof a diplomat.

Guardado en:
Detalles Bibliográficos
Autor principal: Králik, Juraj
Formato: Capítulo de libro
Lenguaje:eslovaco
Materias:
Etiquetas: Agregar Etiqueta
Sin Etiquetas, Sea el primero en etiquetar este registro!

MARC

LEADER 00000naa a2200000 4500
001 r044493
005 20230808082626.2
041 0 |a slo 
044 |a SK 
245 1 0 |a Robert Schuman a vznik základných integračných štruktúr EÚ  |c Juraj Králik 
520 |a Stručný pohľad na život a dielo Roberta Schumana. Schuman ako filozof a diplomat. 
610 2 0 |a integrácia 
610 2 0 |a spolupráca hospodárska medzinárodná 
610 2 0 |a história 
610 2 0 |a životopisy 
610 2 0 |a Schuman, R. 
610 2 0 |a Európska únia 
100 1 |a Králik, Juraj